Municípios do Tocantins em um Mapa - Statistics

Estatísticas Gerais
  • Esse quiz foi jogado 1 600 vezes
  • A pontuação média é 35 de 139
Respostas no mapa
Respostas codificadas por cores de uma escala verde-vermelha no mapa do quiz de acordo com a % correta abaixo.
 
Estatísticas das Respostas
Município % Correto
Palmas
94%
Araguaína
78%
Gurupi
68%
Porto Nacional
63%
Tocantinópolis
55%
{Paraíso} do Tocantins
53%
{Miracema} do Tocantins
51%
Araguatins
44%
{Colinas} do Tocantins
44%
Guaraí
43%
{Lagoa} do Tocantins
39%
Miranorte
38%
Natividade
36%
Alvorada
35%
Arraias
34%
Xambioá
34%
Formoso do Araguaia
33%
Peixe
33%
Araguacema
32%
{Axixá} do Tocantins
32%
Augustinópolis
31%
Dianópolis
31%
Lagoa da Confusão
31%
Pium
31%
Wanderlândia
31%
{Aliança} do Tocantins
30%
Almas
29%
Goiatins
29%
Lajeado
29%
Mateiros
29%
Colméia
28%
Filadélfia
28%
Paranã
28%
Pedro Afonso
28%
{Aurora} do Tocantins
27%
Fátima
27%
Nova Olinda
27%
{Ponte} {Alta} do Tocantins
27%
Presidente Kennedy
27%
{Santa} {Maria} do Tocantins
27%
Tocantínia
27%
Rio dos Bois
26%
{São} {Bento} do Tocantins
26%
{São} {Félix} do Tocantins
26%
Abreulândia
25%
Aguiarnópolis
25%
Barrolândia
25%
{Buriti} do Tocantins
25%
{Dois} {Irmãos} do Tocantins
25%
{São} {Miguel} do Tocantins
25%
Talismã
25%
Ananás
24%
Babaçulândia
24%
{Bom} {Jesus} do Tocantins
24%
Brejinho de Nazaré
24%
{Conceição} do Tocantins
24%
{Divinópolis} do Tocantins
24%
Esperantina
24%
{Santa} {Rita} do Tocantins
24%
{Santa} {Rosa} do Tocantins
24%
Taguatinga
24%
Araguaçu
23%
Dueré
23%
Pequizeiro
23%
Pugmil
23%
Araguanã
22%
{Cariri} do Tocantins
22%
Cristalândia
22%
Goianorte
22%
Lizarda
22%
Oliveira de Fátima
22%
Palmeirante
22%
{Palmeiras} do Tocantins
22%
Rio Sono
22%
{Santa} {Tereza} do Tocantins
22%
Aparecida do Rio Negro
21%
Aragominas
21%
Arapoema
21%
Caseara
21%
Couto Magalhães
21%
Figueirópolis
21%
Itacajá
21%
Carmolândia
20%
Darcinópolis
20%
Novo Acordo
20%
Palmeirópolis
20%
Pau d'Arco
20%
Recursolândia
20%
{Santa} {Terezinha} do Tocantins
20%
Angico
19%
{Brasilândia} do Tocantins
19%
Cachoeirinha
19%
Campos Lindos
19%
Chapada da Natividade
19%
{Crixás} do Tocantins
19%
Fortaleza do Tabocão
19%
{Jaú} do Tocantins
19%
Nazaré
19%
Sandolândia
19%
{São} {Sebastião} do Tocantins
19%
Silvanópolis
19%
{Bandeirantes} do Tocantins
18%
Barra do Ouro
18%
Combinado
18%
Nova Rosalândia
18%
{Pindorama} do Tocantins
18%
{Porto} {Alegre} do Tocantins
18%
Carrasco Bonito
17%
Chapada de Areia
17%
Itaguatins
17%
Lavandeira
17%
{Marianópolis} do Tocantins
17%
Monte do Carmo
17%
Muricilândia
17%
Piraquê
17%
Sampaio
17%
Santa Fé do Araguaia
17%
{São} {Salvador} do Tocantins
17%
Tupirama
17%
Tupiratins
17%
Centenário
16%
Itapiratins
16%
Juarina
16%
Luzinópolis
16%
{Maurilândia} do Tocantins
16%
{Monte} {Santo} do Tocantins
16%
Praia Norte
16%
{Sítio} {Novo} do Tocantins
16%
Bernardo Sayão
15%
Ipueiras
15%
{Itaporã} do Tocantins
15%
Novo Jardim
15%
Riachinho
15%
Sucupira
15%
Novo Alegre
14%
Rio da Conceição
14%
Ponte Alta do Bom Jesus
13%
{Taipas} do Tocantins
13%
São Valério da Natividade
12%
Nenhum quiz correspondente encontrado
Distribuição das Pontuações
Porcentagem de Pessoas com Cada Pontuação
Percentil de Números Respondidos
Sua Pontuação Histórica
Você não jogou esse quiz